LEADER 01121nam0-2200301 --450 001 9910312351503321 005 20190326142022.0 100 $a20190326d1970----kmuy0itay5050 ba 101 0 $aita 102 $aIT 105 $a 001yy 200 1 $a<>futuro del Ticino$eanalisi e progettazione, sviluppo turistico e conservazione ambientale nel tratto milanese$fMaurice Cerasi, Piergiorgio Marabelli 210 $a[Padova]$cMarsilio$d[1970] 215 $a144 p., [6] c. di tav. ripieg.$cill.$d23 cm 225 1 $aDocumentazione di architettura e di urbanistica$v17 300 $aSul front.: Studio dell'Ente provinciale per il turismo di Milano 610 0 $aProgettazione architettonica$aMilano 610 0 $aProgettazione architettonica$aTicino 676 $a711.094521$v19 700 1$aCerasi,$bMaurice Münir$f<1932- >$0334283 701 1$aMarabelli,$bPiergiorgio$032112 801 0$aIT$bUNINA$gREICAT$2UNIMARC 901 $aBK 912 $a9910312351503321 952 $aC 1176 CAN$bs.i.$fDARPU 959 $aDARPU 996 $aFuturo del Ticino$91548924 997 $aUNINA LEADER 02173nam 22004453 450 001 9910764255203321 005 20241230084506.0 035 $a(CKB)5860000000452620 035 $a(MiAaPQ)EBC31861164 035 $a(Au-PeEL)EBL31861164 035 $a(Exl-AI)31861164 035 $a(EXLCZ)995860000000452620 100 $a20241230d2023 uy 0 101 0 $aeng 135 $aurcnu|||||||| 181 $ctxt$2rdacontent 182 $cc$2rdamedia 183 $acr$2rdacarrier 200 10$aModels and Analysis of Vocal Emissions for Biomedical Applications $e13th International Workshop, September, 12-13 2023 205 $a1st ed. 210 1$aFlorence :$cFirenze University Press,$d2023. 210 4$dİ2023. 215 $a1 online resource (116 pages) 225 1 $aProceedings e Report ;$vv.136 311 08$a9791221501452 311 08$a9791221501469 330 $aThe International Workshop on Models and Analysis of Vocal Emissions for Biomedical Applications (MAVEBA) came into being in 1999 from the particularly felt need of sharing know-how, objectives and results between areas that until then seemed quite distinct such as bioengineering, medicine and singing. MAVEBA deals with all aspects concerning the study of the human voice with applications ranging from the newborn to the adult and elderly. Over the years the initial issues have grown and spread also in other fields of research such as occupational voice disorders, neurology, rehabilitation, image and video analysis. MAVEBA takes place every two years in Firenze, Italy. This edition celebrates twenty-four years of uninterrupted and successful research in the field of voice analysis. 410 0$aProceedings e Report 606 $aVoice disorders$7Generated by AI 606 $aSpeech$xPhysiological aspects$7Generated by AI 615 0$aVoice disorders 615 0$aSpeech$xPhysiological aspects 700 $aManfredi$b Claudia$0884412 801 0$bMiAaPQ 801 1$bMiAaPQ 801 2$bMiAaPQ 906 $aBOOK 912 $a9910764255203321 996 $aModels and analysis of vocal emissions for biomedical applications$91975142 997 $aUNINA